000 04091nam a22004217a 4500
001 BRCA_8537
002 W-31
003 FranzMayer
005 20260520175317.0
006 aa||||r|||| 001 0
007 ta
008 250807s1493 -gea|||gr|||| 001 0 lat d
040 _aBMFM
_bspa
041 0 _alat
050 4 _aD17
_b.S33 1493
100 1 _aSchedel, Hartmann,
_d(1440-1514)
_930013
245 1 _aCronicarum per viam epithomatis breviarij compilati opus /
_cHartmann Schedel
246 1 1 _aLiber Chronicarum
246 1 1 _b Crónica de Nuremberg: La historia del mundo desde la creación, hasta los días de la publicación
260 _aNuremberg, Alemania:
_bKoberger, Anton,
_c1493
300 _a[38], CCXCIX, 299, [3] páginas :
_bXilografías ;
_c42.5 x 32.5 x 8 cm
500 _aA solicitud de Sebald Schreyer y Sabastian Kammermeister.
520 3 _aEl tercer libro más antiguo en la biblioteca del Museo Franz Mayer. Fue ilustrado con 1,855 xilografías, producidas a partir de 645 bloques y realizadas por Michael Wolgemut (maestro de Albrecht Dürer) y su yerno Wilhelm Pleydenwurff.
_bNarra la historia del mundo basándose en relatos bíblicos y dividiéndola en seis edades históricas, desde la creación o Génesis hasta el año 1490, y añade una séptima: el Juicio Final. Ofrece algunas vistas de ciudades europeas (Roma, Venecia, Florencia, Nuremberg, Génova) y dos mapas, uno basado en las ideas de Ptolomeo y otro de Europa Central y Oriental, siendo el primero que aparece en un libro impreso. Ha sido considerada una de las obras cúspide de la imprenta incunable, tanto por su estructura, como por ser la más ilustrada de todo el período.
563 _aOtras referencias físicas: Encuadernación entera en piel con restos de la piel utilizada en la cartera previa. El papel del cuerpo del libro está formado por papel de trapo, hecho a mano, con marcas de verjurado. El cuerpo del libro está formado por cuadernillos unidos mediante costura aparentemente con libramiento sobre cinco soportes; no se determinaron las características de los soportes. Los folios XII y XIII son láminas adheridas a escartivanas cosidas con el cuerpo. Las hojas de guarda son parte de la reencuadernación. Lomera ligeramente redonda. No se determinó si tiene endoses. Cabezadas tejidas con hilo ocre con almas de material no identificado cortadas al ras. Cantos del cuerpo refinados más de una vez; el canto de pie está decorado con salpicado en rojo; no es claro si los cantos de cabeza y frente tienen decoración. Soportes de la tapa probablemente de cartón. Tejuelo de piel café oscuro con el título y autor grabados en dorado. Texto impreso, Anotaciones en tinta ferrogálica.
591 _a Estado de Conservación: Bueno.
591 _bDescripción de conservación: Reencuadernado: se le agregaron hojas de guarda, se volvió a hacer la cartera de piel utilizando los restos de la cubierta previa. Presenta suciedad, manchas y faltantes leves en las hojas, separación entre cuadernillos entre los folios CCXC y CCXCI, levantamiento de la última capa de piel en los restos de piel de la cartera previa, rotura en cofia de pie.
592 _aMarcas Adicionales: Anotaciones manuscritas en la portada. Índice de contenido. Contiene 1855 xilografías. Texto a línea tirada. Letra gótica. Páginas foliadas. Letras iniciales xilográficas. Nombres asociados: Schreyer, Sebald, 1446-1520; Kammermeister, Sebastian -1503; Wolgemut, Michael, 1434-1519; Pleydenwurff, Wilhelm, d. 1494.
593 _aIncunables
650 0 _aHistorical chronology
_vEarly works to 1800
_930014
650 0 _aBible
_x History of biblical events
_930016
655 0 0 _aIllustrated books
_xHistory
_y15th and 16th centuries
_zGermany
_zNuremberg
_930019
655 0 0 _aIncunabula
_930020
700 1 _aKoberger, Anton,
_d(ca.1440-1513),
_eimpresor
_930018
856 4 1 _qTIF//PDF
_yBiblioteca Digital Franz Mayer
_uhttps://bibliotecadigital.franzmayer.org.mx/items/85c3d8a7-2f7a-486c-a7db-1b075ce59bd2
902 _aKH
_aFM
_aTV
942 _cB
_2lcc
960 _aCS-L1-N1
999 _c11084
_d11084